Normal view
MARC view
Entry Personal Name
001 - CONTROL NUMBER
- control field: 22841
003 - CONTROL NUMBER IDENTIFIER
- control field: ARRUPE
005 - DATE AND TIME OF LATEST TRANSACTION
- control field: 20160309093313.0
008 - FIXED-LENGTH DATA ELEMENTS
- fixed length control field: 160309|| aca||aabn | a|a d
040 ## - CATALOGING SOURCE
- Original cataloging agency: ARRUPE
- Transcribing agency: ARRUPE
100 ## - HEADING--PERSONAL NAME
- Personal name: Destouches, Louis Ferdinand
670 ## - SOURCE DATA FOUND
- Source citation: Work cat.: (ARRUPE)0: Céline, Louis-Ferdinand, 1894-1961. 22840, Casse pipe, 1952